000 00335nam a2200145Ia 4500
008 221030s9999 xx 000 0 und d
041 _aEnglish
082 _a105.23
_bJam
100 _aK. S. Jamwal
245 0 _aDigital Electronics
260 _bDhanpat Rai Pub
_aDelhi
_c2001
300 _a278
650 _aBE Computer
942 _cBK
999 _c1257
_d1257